| 000 | 003190000a22001210004500 | ||
|---|---|---|---|
| 090 |
_aAR _b04584 |
||
| 100 | 1 |
_aByme, M. M. _998700 |
|
| 245 | 1 | 0 | _aEcology of twig-dwelling ants in a wet lowland tropical forest |
| 041 | 0 | _aInglés | |
| 300 | _bdiagrs. | ||
| 942 | _cARTICULO | ||
| 773 | 1 |
_tBiotropical _h1 _q61-72 p. _d1994 _g26 |
|
| 999 |
_c13684 _d13684 |
||